| 000 | 00591nam a2200181 i 4500 | ||
|---|---|---|---|
| 001 | 34161 | ||
| 003 | ES-MaACL | ||
| 005 | 20230906154902.0 | ||
| 007 | t| | ||
| 008 | 030204s1967 sp a c |||| | fre d | ||
| 100 | 1 |
_aBofill, Francisco de P. _929773 |
|
| 245 | 1 | 0 |
_aCatalogo de los almireces _b: colección Palacio de Perelada / _cpor Francisco de P. Bofill. |
| 260 |
_a[S.l. : _bs.n., _c1967] ( _eFigueras : _fArt. Gráf. Trayter) |
||
| 300 |
_a146 p. : _bil. ; _c22 cm. |
||
| 650 | 4 |
_aMorteros artísticos. _9169751 |
|
| 710 | 2 |
_aPalacio de Perelada. _9169752 |
|
| 852 |
_aES-MaACL _jC-33752 |
||
| 999 |
_c34161 _d34161 |
||